[Event "Oberliga Ost-B 2122"]
[Site "Germany"]
[Date "2022.07.03"]
[Round "7.5"]
[White "Minor, Samuel"]
[Black "Schupp, Uwe"]
[Result "0-1"]
[WhiteElo "2253"]
[BlackElo "2112"]
[PlyCount "58"]
[EventDate "2021.10.10"]
[EventType "team-tourn"]
[EventRounds "11"]
[EventCountry "GER"]
[SourceTitle "EXT 2023"]
[Source "ChessBase"]
[SourceDate "2022.10.05"]
[SourceVersion "1"]
[SourceVersionDate "2022.10.05"]
[SourceQuality "1"]
[WhiteTeam "Wiesbaden"]
[BlackTeam "Gernsheim"]
[WhiteTeamCountry "GER"]
[BlackTeamCountry "GER"]

1. e4 d6 2. d4 Nf6 3. Nc3 e5 4. Nf3 exd4 5. Nxd4 Be7 6. Be2 0-0 7. 0-0 Re8 8. f4 c5 9. Nb3 Nc6 10. Bf3 Bf8 11. Kh1 a5 12. a4 Nb4 13. Re1 d5 14. e5 Bf5 15. exf6 Bxc2 16. Rxe8 Qxe8 17. Qg1 Bxb3 18. Ra3 c4 19. Bxd5 Nxd5 20. Nxd5 Rd8 21. fxg7 Rxd5 22. gxf8R+ Kxf8 23. Rxb3 cxb3 24. h3 Qxa4 25. Be3 Qe4 26. Qe1 Qc2 27. Kh2 Qxb2 28. f5 Qe5+ 29. Kh1 b2 0-1

[Event "Oberliga Ost-B 1819"]
[Site "Germany"]
[Date "2019.04.07"]
[Round "11.6"]
[White "Will, Matthias"]
[Black "Minor, Samuel"]
[Result "0-1"]
[WhiteElo "2002"]
[BlackElo "2246"]
[PlyCount "94"]
[EventDate "2018.10.21"]
[EventType "team-tourn"]
[EventRounds "11"]
[EventCountry "GER"]
[SourceTitle "EXT 2020"]
[Source "ChessBase"]
[SourceDate "2019.10.17"]
[SourceVersion "1"]
[SourceVersionDate "2019.10.17"]
[SourceQuality "1"]
[WhiteTeam "Naumburg"]
[BlackTeam "Wiesbaden"]
[WhiteTeamCountry "GER"]
[BlackTeamCountry "GER"]

1. Nf3 f5 2. d4 d6 3. g3 Nf6 4. Bg2 g6 5. 0-0 Bg7 6. b4 0-0 7. Bb2 c6 8. c4 Be6 9. Qc2 Kh8 10. Nbd2 a5 11. a3 Nbd7 12. Ng5 Bg8 13. e3 e5 14. dxe5 dxe5 15. Ngf3 Qe7 16. Bc3 e4 17. Nd4 Ne5 18. bxa5 c5 19. N4b3 Rfd8 20. Rfd1 Rd7 21. Bf1 h5 22. Qb2 Nd3 23. Bxd3 Rxd3 24. Rac1 Rad8 25. Qc2 Qd6 26. a6 bxa6 27. Na5 Rd7 28. Rb1 Rxc3 29. Qxc3 Nd5 30. Qb3 Nc3 31. Nxe4 Qxd1+ 32. Rxd1 Rxd1+ 33. Kg2 Rb1 34. Nxc5 Rxb3 35. Ncxb3 Bf8 36. c5 Kg7 37. c6 Nb5 38. a4 Nc7 39. Nd4 Kf6 40. f3 Ke5 41. h3 Bc5 42. Nc2 Bb6 43. Nb7 a5 44. Nd4 Kd5 45. Nb3 Kc4 46. Nd2+ Kd3 47. Nf1 Bd5 0-1

[Event "Oberliga Ost-B 1819"]
[Site "Germany"]
[Date "2018.10.21"]
[Round "1.5"]
[White "Staller, Peter"]
[Black "Minor, Samuel"]
[Result "1/2-1/2"]
[WhiteElo "2254"]
[BlackElo "2246"]
[PlyCount "74"]
[EventDate "2018.10.21"]
[EventType "team-tourn"]
[EventRounds "11"]
[EventCountry "GER"]
[SourceTitle "EXT 2020"]
[Source "ChessBase"]
[SourceDate "2019.10.17"]
[SourceVersion "1"]
[SourceVersionDate "2019.10.17"]
[SourceQuality "1"]
[WhiteTeam "Nied Koenig"]
[BlackTeam "Wiesbaden"]
[WhiteTeamCountry "GER"]
[BlackTeamCountry "GER"]

1. Nf3 f5 2. g3 Nf6 3. Bg2 g6 4. b3 Bg7 5. Bb2 0-0 6. 0-0 d6 7. d4 c6 8. Nbd2 Na6 9. c4 e5 10. dxe5 Ng4 11. a3 dxe5 12. h3 e4 13. Bxg7 Kxg7 14. hxg4 exf3 15. exf3 fxg4 16. fxg4 Qd4 17. Ne4 Qxd1 18. Raxd1 Bxg4 19. Rd4 Rad8 20. Nd6 h5 21. f3 Be6 22. Rfd1 Rb8 23. Re4 Kf6 24. Rde1 Nc7 25. R4e3 Bg8 26. Ne4+ Kg7 27. Nc5 Rf7 28. Bh3 b6 29. Ne6+ Nxe6 30. Bxe6 Rf6 31. Bxg8 Kxg8 32. Rd1 Rb7 33. Kg2 Kf7 34. Rd8 c5 35. Rh8 Kg7 36. Rd8 Kf7 37. Rh8 Kg7 1/2-1/2

[Event "Frankfurt-chA"]
[Site "Frankfurt"]
[Date "2018.05.07"]
[Round "2"]
[White "Winand, Edgar"]
[Black "Minor, Samuel"]
[Result "0-1"]
[WhiteElo "1797"]
[BlackElo "2225"]
[PlyCount "50"]
[EventDate "2018.04.30"]
[EventType "swiss"]
[EventRounds "7"]
[EventCountry "GER"]
[SourceTitle "EXT 2019"]
[Source "ChessBase"]
[SourceDate "2018.10.10"]
[SourceVersion "1"]
[SourceVersionDate "2018.10.10"]
[SourceQuality "1"]

1. g3 f5 2. Bg2 Nf6 3. d3 e5 4. c4 Nc6 5. Nc3 Bc5 6. e3 d6 7. Nge2 0-0 8. 0-0 Qe8 9. d4 Bb6 10. Nd5 e4 11. Nef4 Ne7 12. Nxf6+ Rxf6 13. b4 c6 14. Bb2 d5 15. Qb3 g5 16. Ne2 Qh5 17. f3 Be6 18. c5 Bc7 19. Kf2 f4 20. exf4 gxf4 21. g4 Qh4+ 22. Kg1 Bxg4 23. fxg4 f3 24. Ng3 Rh6 25. Rxf3 exf3 0-1

[Event "Frankfurt-chA"]
[Site "Frankfurt"]
[Date "2018.04.30"]
[Round "1"]
[White "Minor, Samuel"]
[Black "Hinz, Andre"]
[Result "1/2-1/2"]
[WhiteElo "2225"]
[BlackElo "1746"]
[PlyCount "72"]
[EventDate "2018.04.30"]
[EventType "swiss"]
[EventRounds "7"]
[EventCountry "GER"]
[SourceTitle "EXT 2019"]
[Source "ChessBase"]
[SourceDate "2018.10.10"]
[SourceVersion "1"]
[SourceVersionDate "2018.10.10"]
[SourceQuality "1"]

1. e4 Nc6 2. Nf3 d6 3. d4 Nf6 4. Nc3 g6 5. h3 Bg7 6. Bg5 0-0 7. Qd2 e5 8. 0-0-0 exd4 9. Nxd4 Re8 10. Bc4 Nxd4 11. Qxd4 Be6 12. e5 dxe5 13. Qh4 Qe7 14. Ne4 Bxc4 15. Bxf6 Qe6 16. Bxg7 Kxg7 17. Ng5 Qf5 18. Kb1 h6 19. Qxc4 hxg5 20. g4 Qf3 21. Rc1 c6 22. Rhd1 Rad8 23. Rxd8 Rxd8 24. Qc5 Rd5 25. Qxa7 Rb5 26. b3 c5 27. c4 Qd3+ 28. Rc2 Qd1+ 29. Kb2 Qd4+ 30. Kc1 Qa1+ 31. Kd2 Rxb3 32. Qxc5 Rb1 33. Kd3 Re1 34. Qb6 e4+ 35. Kd2 Rd1+ 36. Ke2 Re1+ 1/2-1/2

[Event "Oberliga Ost-B 1718"]
[Site "Germany"]
[Date "2018.04.14"]
[Round "10.4"]
[White "Minor, Samuel"]
[Black "Michalowski, Peter"]
[Result "1-0"]
[WhiteElo "2244"]
[BlackElo "2064"]
[PlyCount "69"]
[EventDate "2017.10.22"]
[EventType "team-tourn"]
[EventRounds "11"]
[EventCountry "GER"]
[SourceTitle "EXT 2019"]
[Source "ChessBase"]
[SourceDate "2018.10.10"]
[SourceVersion "1"]
[SourceVersionDate "2018.10.10"]
[SourceQuality "1"]
[WhiteTeam "Wiesbaden"]
[BlackTeam "Erfurt Empor"]
[WhiteTeamCountry "GER"]
[BlackTeamCountry "GER"]

1. e4 c5 2. Nf3 d6 3. d4 cxd4 4. Nxd4 Nf6 5. Nc3 a6 6. Be3 e5 7. Nf3 Be7 8. Bc4 0-0 9. 0-0 Be6 10. Bb3 Nc6 11. Bg5 Rc8 12. Bxf6 Bxf6 13. Qd3 Na5 14. Rfd1 Nxb3 15. axb3 Rc6 16. Nd2 Qc8 17. Na2 b5 18. Nb4 Rb6 19. Nb1 Qb7 20. Nc3 Be7 21. Ra5 Rd8 22. Rda1 d5 23. Nbxd5 Bb4 24. Nxb4 Rxd3 25. Nxd3 f6 26. b4 Qf7 27. Nxb5 Qg6 28. Nc3 Bc4 29. b5 axb5 30. Ra8+ Kf7 31. R1a7+ Ke6 32. Nc5+ Kd6 33. b4 Be6 34. Nd5 Qg5 35. Rd8+ 1-0

[Event "Wiesbaden op 29th"]
[Site "Wiesbaden"]
[Date "2017.08.27"]
[Round "7"]
[White "Minor, Samuel"]
[Black "Stork, Oliver"]
[Result "1/2-1/2"]
[WhiteElo "2244"]
[BlackElo "2093"]
[PlyCount "84"]
[EventDate "2017.08.24"]
[EventType "swiss"]
[EventRounds "7"]
[EventCountry "GER"]
[SourceTitle "CBM 180 Extra"]
[Source "ChessBase"]
[SourceDate "2017.10.06"]
[SourceVersion "1"]
[SourceVersionDate "2017.10.06"]
[SourceQuality "1"]

1. f4 d5 2. d3 Nf6 3. Nf3 g6 4. g3 Bg7 5. Bg2 0-0 6. 0-0 c5 7. Qe1 Nc6 8. c3 d4 9. Na3 Rb8 10. Nc4 Nd5 11. Bd2 b6 12. Nce5 Nxe5 13. Nxe5 Bb7 14. c4 Nf6 15. b4 Nd7 16. Bxb7 Nxe5 17. Bf3 Nxf3+ 18. exf3 Qd6 19. Rb1 Rfe8 20. Rf2 e6 21. Re2 Re7 22. Qc1 h5 23. Qa3 Bf8 24. Qb3 Ree8 25. a4 Qc7 26. b5 Bd6 27. Kf2 h4 28. Rbe1 Kg7 29. Re4 Rh8 30. Kg2 hxg3 31. hxg3 Rh5 32. Rh1 Rbh8 33. Ree1 g5 34. Qd1 gxf4 35. g4 Rh4 36. Rxh4 Rxh4 37. Rh1 Qe7 38. Qe1 Rxh1 39. Qxh1 Qg5 40. Qe1 Qg6 41. Qe4 f5 42. Qb7+ Qf7 1/2-1/2

[Event "Wiesbaden op 29th"]
[Site "Wiesbaden"]
[Date "2017.08.26"]
[Round "5"]
[White "Minor, Samuel"]
[Black "Gutman, Lev"]
[Result "1/2-1/2"]
[WhiteElo "2244"]
[BlackElo "2410"]
[PlyCount "60"]
[EventDate "2017.08.24"]
[EventType "swiss"]
[EventRounds "7"]
[EventCountry "GER"]
[SourceTitle "CBM 180 Extra"]
[Source "ChessBase"]
[SourceDate "2017.10.06"]
[SourceVersion "1"]
[SourceVersionDate "2017.10.06"]
[SourceQuality "1"]

1. e4 c5 2. Nf3 d6 3. d4 cxd4 4. Nxd4 Nf6 5. Nc3 a6 6. Be3 e6 7. f3 Qc7 8. Qd2 Nc6 9. 0-0-0 Bd7 10. Kb1 Nxd4 11. Bxd4 b5 12. g4 Bc6 13. Bd3 b4 14. Ne2 Rb8 15. Bxf6 gxf6 16. Ng3 Rg8 17. Nh5 Rg6 18. Rhg1 Bb5 19. h4 Qc5 20. f4 Bxd3 21. Qxd3 Rc8 22. f5 Rh6 23. Nxf6+ Kd8 24. Rh1 Be7 25. g5 Bxf6 26. Qxd6+ Qxd6 27. Rxd6+ Ke7 28. Rhd1 Rxh4 29. Rd7+ Ke8 30. gxf6 Rxe4 1/2-1/2

[Event "Oberliga Ost-B 1617"]
[Site "Germany"]
[Date "2017.02.18"]
[Round "6.6"]
[White "Minor, Samuel"]
[Black "Du Maire, Jerome"]
[Result "0-1"]
[WhiteElo "2189"]
[BlackElo "2169"]
[PlyCount "88"]
[EventDate "2016.10.16"]
[EventType "team-tourn"]
[EventRounds "11"]
[EventCountry "GER"]
[SourceTitle "EXT 2018"]
[Source "ChessBase"]
[SourceDate "2017.10.13"]
[SourceVersion "1"]
[SourceVersionDate "2017.10.13"]
[SourceQuality "1"]
[WhiteTeam "Wiesbaden"]
[BlackTeam "Frankfurt TV"]
[WhiteTeamCountry "GER"]
[BlackTeamCountry "GER"]

1. e4 e6 2. d3 c5 3. Nf3 Nc6 4. g3 g6 5. Bg2 Bg7 6. Nc3 Nge7 7. Be3 Nd4 8. Qd2 d5 9. exd5 exd5 10. Bf4 Nxf3+ 11. Bxf3 Be6 12. Nb5 0-0 13. Nc7 g5 14. Nxa8 gxf4 15. Qxf4 Qxa8 16. 0-0 Ng6 17. Qc1 Qc8 18. Re1 Qd7 19. Rb1 Ne5 20. Bg2 Nc6 21. a3 a5 22. Qf4 b5 23. c3 Rc8 24. Rbc1 a4 25. Qg5 h6 26. Qh5 Qd6 27. Bh3 Bxh3 28. Qxh3 Rb8 29. Qf5 Ne5 30. Re2 Qf6 31. Qxf6 Bxf6 32. Rd1 b4 33. cxb4 cxb4 34. axb4 Rxb4 35. Rc2 Kg7 36. Kf1 Nf3 37. Kg2 Nd4 38. Rcd2 Nb5 39. Rb1 a3 40. b3 Nc3 41. Rc1 Rxb3 42. Rdc2 a2 43. Ra1 Be7 44. Kf3 Ba3 0-1

[Event "Oberliga Ost-B 1617"]
[Site "Germany"]
[Date "2016.11.20"]
[Round "3.6"]
[White "Minor, Samuel"]
[Black "Seifert, Christopher"]
[Result "1/2-1/2"]
[WhiteElo "2189"]
[BlackElo "2294"]
[PlyCount "74"]
[EventDate "2016.10.16"]
[EventType "team-tourn"]
[EventRounds "11"]
[EventCountry "GER"]
[SourceTitle "EXT 2018"]
[Source "ChessBase"]
[SourceDate "2017.10.13"]
[SourceVersion "1"]
[SourceVersionDate "2017.10.13"]
[SourceQuality "1"]
[WhiteTeam "Wiesbaden"]
[BlackTeam "Neuberg"]
[WhiteTeamCountry "GER"]
[BlackTeamCountry "GER"]

1. e4 c5 2. Nf3 Nc6 3. Nc3 e6 4. d4 cxd4 5. Nxd4 Nf6 6. Ndb5 Bb4 7. a3 Bxc3+ 8. Nxc3 d5 9. exd5 exd5 10. Bd3 0-0 11. 0-0 d4 12. Ne2 Bg4 13. f3 Bh5 14. Nf4 Bg6 15. Nxg6 hxg6 16. Re1 Nd5 17. Bc4 Rc8 18. Qe2 Nb6 19. Bd3 Qd7 20. Bf4 Na4 21. b3 Nc5 22. Bc4 d3 23. Qf2 Na5 24. Be3 Nxc4 25. Bxc5 Nd6 26. Rad1 dxc2 27. Rxd6 Qxd6 28. Bxd6 c1Q 29. Bxf8 Kxf8 30. Rxc1 Rxc1+ 31. Qf1 Rxf1+ 32. Kxf1 g5 33. Ke2 Ke7 34. Kd3 Ke6 35. Kd4 Kd6 36. g3 f6 37. Kc4 Kc6 1/2-1/2

[Event "Oberliga Ost-B 1617"]
[Site "Germany"]
[Date "2016.10.16"]
[Round "1.4"]
[White "Minor, Samuel"]
[Black "Felgendreher, Heiko"]
[Result "1/2-1/2"]
[WhiteElo "2189"]
[BlackElo "2222"]
[PlyCount "128"]
[EventDate "2016.10.16"]
[EventType "team-tourn"]
[EventRounds "11"]
[EventCountry "GER"]
[SourceTitle "EXT 2018"]
[Source "ChessBase"]
[SourceDate "2017.10.13"]
[SourceVersion "1"]
[SourceVersionDate "2017.10.13"]
[SourceQuality "1"]
[WhiteTeam "Wiesbaden"]
[BlackTeam "Moerlenbach Birkenau"]
[WhiteTeamCountry "GER"]
[BlackTeamCountry "GER"]

1. e4 c5 2. Nf3 Nc6 3. Nc3 Nf6 4. Bb5 Qc7 5. 0-0 Nd4 6. Bc4 e6 7. d3 Ng4 8. g3 Nxf3+ 9. Qxf3 Ne5 10. Qe2 a6 11. a4 d6 12. Ba2 Be7 13. f4 Nc6 14. f5 Bf6 15. fxe6 fxe6 16. Bg5 Nd4 17. Qh5+ g6 18. Qh4 Bxg5 19. Qxg5 Qe7 20. Qh6 Nxc2 21. Rac1 Nd4 22. Rf2 Nc6 23. Rcf1 Ne5 24. Qd2 Bd7 25. d4 cxd4 26. Qxd4 0-0-0 27. Qb6 Kb8 28. b4 Rc8 29. Qd4 Rhf8 30. b5 Rxf2 31. Rxf2 axb5 32. Nxb5 Bxb5 33. axb5 Rf8 34. Kg2 Rxf2+ 35. Qxf2 Nd3 36. Qd4 Nc5 37. b6 Qd8 38. Qb4 Qc8 39. Qd4 Qd8 40. Qb4 Qf8 41. Qa3 Qe8 42. Qc3 e5 43. Qc4 Qc8 44. Qd5 Qd8 45. Qg8 Qxg8 46. Bxg8 h6 47. Kf3 Nd7 48. Bf7 Nxb6 49. Bxg6 Nc4 50. h4 Kc7 51. Kg4 b5 52. Bf7 d5 53. exd5 Kd6 54. Kf5 b4 55. Ke4 b3 56. Kd3 e4+ 57. Kc3 b2 58. Kc2 e3 59. Bh5 Nd2 60. Kxb2 Ne4 61. Kc2 Nxg3 62. Bf3 Nf5 63. Kd3 Nxh4 64. Be4 Nf5 1/2-1/2

[Event "Wiesbaden op 28th"]
[Site "Wiesbaden"]
[Date "2016.08.27"]
[Round "5"]
[White "Minor, Samuel"]
[Black "Carlstedt, Jonathan"]
[Result "0-1"]
[WhiteElo "2189"]
[BlackElo "2450"]
[PlyCount "60"]
[EventDate "2016.08.25"]
[EventType "swiss"]
[EventRounds "7"]
[EventCountry "GER"]
[SourceTitle "CBM 174 Extra"]
[Source "ChessBase"]
[SourceDate "2016.10.10"]
[SourceVersion "1"]
[SourceVersionDate "2016.10.10"]
[SourceQuality "1"]

1. e4 c5 2. Nf3 Nf6 3. Nc3 d5 4. e5 Nfd7 5. Nxd5 Nxe5 6. Ne3 Nbc6 7. Nxe5 Nxe5 8. Bb5+ Bd7 9. Qe2 g6 10. b4 Bg7 11. Rb1 cxb4 12. Rxb4 0-0 13. Bxd7 Qxd7 14. Qb5 Qd6 15. Rb3 Nc6 16. Ba3 Qf6 17. Bb2 Qe6 18. Qd5 Qxd5 19. Nxd5 Bxb2 20. Rxb2 b6 21. Nb4 Ne5 22. d3 Rfd8 23. f4 Ng4 24. h3 Nf6 25. Kf2 Rac8 26. g3 Rd6 27. a3 Rc3 28. Ra1 a5 29. Na2 Rxa3 30. Rab1 Nd5 0-1

[Event "Wiesbaden op 28th"]
[Site "Wiesbaden"]
[Date "2016.08.26"]
[Round "3"]
[White "Minor, Samuel"]
[Black "Ikonnikov, Vyacheslav"]
[Result "1/2-1/2"]
[WhiteElo "2189"]
[BlackElo "2536"]
[PlyCount "90"]
[EventDate "2016.08.25"]
[EventType "swiss"]
[EventRounds "7"]
[EventCountry "GER"]
[SourceTitle "CBM 174 Extra"]
[Source "ChessBase"]
[SourceDate "2016.10.10"]
[SourceVersion "1"]
[SourceVersionDate "2016.10.10"]
[SourceQuality "1"]

1. e4 g6 2. d4 Bg7 3. Nc3 c6 4. Nf3 d6 5. h3 b5 6. Bd3 Nd7 7. 0-0 a6 8. a4 Bb7 9. axb5 cxb5 10. Ne2 Ngf6 11. e5 Nd5 12. e6 fxe6 13. Ng5 Nf8 14. Nf4 Nxf4 15. Bxf4 Qd7 16. c3 h6 17. Nf3 Bf6 18. Nd2 e5 19. Be3 exd4 20. cxd4 Kf7 21. f4 Kg7 22. Ne4 Nh7 23. f5 g5 24. Qg4 Bxe4 25. Bxe4 d5 26. Bc2 a5 27. Qh5 Rhc8 28. Qg6+ Kh8 29. Bd3 a4 30. Qxh6 a3 31. bxa3 Rc3 32. Rfd1 Raxa3 33. Rxa3 Rxa3 34. Qh5 b4 35. Kh1 b3 36. Rb1 Qc8 37. Qd1 Qb8 38. Bc1 Ra4 39. Rxb3 Qa7 40. Qh5 Qa8 41. Bb2 Ra7 42. Bb5 Ra1+ 43. Bxa1 Qxa1+ 44. Kh2 Qxd4 45. Qe8+ Kg7 1/2-1/2

[Event "Oberliga Ost-B 1516"]
[Site "Germany"]
[Date "2016.04.09"]
[Round "10.5"]
[White "Orwatsch, Gerhard"]
[Black "Minor, Samuel"]
[Result "0-1"]
[WhiteElo "2078"]
[BlackElo "2160"]
[PlyCount "70"]
[EventDate "2015.09.20"]
[EventType "team-tourn"]
[EventRounds "11"]
[EventCountry "GER"]
[SourceTitle "EXT 2017"]
[Source "ChessBase"]
[SourceDate "2016.10.25"]
[SourceVersion "1"]
[SourceVersionDate "2016.10.25"]
[SourceQuality "1"]
[WhiteTeam "Giessen"]
[BlackTeam "Wiesbaden"]
[WhiteTeamCountry "GER"]
[BlackTeamCountry "GER"]

1. d4 f5 2. Bf4 d6 3. e3 Nf6 4. h3 g6 5. Nf3 Bg7 6. Bc4 e6 7. Nbd2 Qe7 8. c3 Nc6 9. Qe2 e5 10. dxe5 dxe5 11. Bh2 e4 12. Nd4 Ne5 13. Bb5+ Nfd7 14. Bxe5 Bxe5 15. 0-0-0 c6 16. Ba4 c5 17. Nc2 a6 18. Bxd7+ Bxd7 19. Nc4 Bc7 20. f3 exf3 21. gxf3 0-0-0 22. Kb1 Bc6 23. Qf2 Qg5 24. Nd2 Qh5 25. h4 b6 26. Qf1 Kb7 27. b4 Be5 28. Kb2 cxb4 29. Nxb4 Bb5 30. Qg2 f4 31. exf4 Bxc3+ 32. Kxc3 Qc5+ 33. Kb3 a5 34. Nc2 Ba4+ 35. Kxa4 Qxc2+ 0-1

[Event "Oberliga Ost-B 1516"]
[Site "Germany"]
[Date "2016.01.17"]
[Round "7.7"]
[White "Vollmar, Rainer"]
[Black "Minor, Samuel"]
[Result "1/2-1/2"]
[WhiteElo "2141"]
[BlackElo "2160"]
[PlyCount "47"]
[EventDate "2015.09.20"]
[EventType "team-tourn"]
[EventRounds "11"]
[EventCountry "GER"]
[SourceTitle "EXT 2017"]
[Source "ChessBase"]
[SourceDate "2016.10.25"]
[SourceVersion "1"]
[SourceVersionDate "2016.10.25"]
[SourceQuality "1"]
[WhiteTeam "Frankfurt BvK"]
[BlackTeam "Wiesbaden"]
[WhiteTeamCountry "GER"]
[BlackTeamCountry "GER"]

1. c4 f5 2. g3 Nf6 3. Bg2 g6 4. Nc3 Bg7 5. Nf3 0-0 6. 0-0 d6 7. d3 Nc6 8. Rb1 e5 9. b4 h6 10. b5 Ne7 11. Qc2 g5 12. a4 f4 13. Bb2 Be6 14. a5 Rb8 15. b6 axb6 16. axb6 c5 17. Nd2 Nd7 18. Nd5 Bg4 19. Nxe7+ Qxe7 20. Ne4 Ra8 21. Bc3 Ra6 22. Ra1 Rxb6 23. Ra7 Nb8 24. Ba5 1/2-1/2

[Event "Oberliga Ost-B 1516"]
[Site "Germany"]
[Date "2015.09.20"]
[Round "1.6"]
[White "Klings, Peter"]
[Black "Minor, Samuel"]
[Result "1-0"]
[WhiteElo "2154"]
[BlackElo "2160"]
[PlyCount "65"]
[EventDate "2015.09.20"]
[EventType "team-tourn"]
[EventRounds "11"]
[EventCountry "GER"]
[SourceTitle "EXT 2017"]
[Source "ChessBase"]
[SourceDate "2016.10.25"]
[SourceVersion "1"]
[SourceVersionDate "2016.10.25"]
[SourceQuality "1"]
[WhiteTeam "Moerlenbach"]
[BlackTeam "Wiesbaden"]
[WhiteTeamCountry "GER"]
[BlackTeamCountry "GER"]

1. Nf3 d6 2. d4 f5 3. g3 g6 4. Bg2 Bg7 5. c3 e6 6. Qb3 Qe7 7. Bg5 Nf6 8. Nbd2 Nbd7 9. e4 Qf7 10. Bxf6 Bxf6 11. 0-0 0-0 12. Rfe1 f4 13. e5 dxe5 14. dxe5 Be7 15. Qc4 fxg3 16. hxg3 b6 17. Re4 Nc5 18. Rf4 Qe8 19. Rxf8+ Qxf8 20. b4 Ba6 21. Qg4 Na4 22. Qxe6+ Qf7 23. Qb3 b5 24. Nd4 Rd8 25. Ne4 Bc8 26. Nxb5 Nb6 27. Qxf7+ Kxf7 28. Nxa7 Bd7 29. Nc5 Bxc5 30. bxc5 Na4 31. c6 Be6 32. Nb5 Bd5 33. Rd1 1-0

[Event "Wiesbaden op 27th"]
[Site "Wiesbaden"]
[Date "2015.08.28"]
[Round "2"]
[White "Meding, Olaf"]
[Black "Minor, Samuel"]
[Result "0-1"]
[WhiteElo "1764"]
[BlackElo "2160"]
[PlyCount "28"]
[EventDate "2015.08.27"]
[EventType "swiss"]
[EventRounds "7"]
[EventCountry "GER"]
[SourceTitle "EXT 2016"]
[Source "ChessBase"]
[SourceDate "2015.10.08"]
[SourceVersion "1"]
[SourceVersionDate "2015.10.08"]
[SourceQuality "1"]

1. d4 f5 2. Nc3 Nf6 3. e3 b6 4. Qf3 d5 5. Bd3 e6 6. Nce2 Bd6 7. Ng3 0-0 8. c3 c5 9. b3 Nc6 10. Bd2 Ne4 11. Qd1 e5 12. dxe5 Bxe5 13. Qc2 Nb4 14. Qb1 Nxc3 0-1

[Event "Wiesbaden op 27th"]
[Site "Wiesbaden"]
[Date "2015.08.28"]
[Round "3"]
[White "Minor, Samuel"]
[Black "Rump, Andreas"]
[Result "1-0"]
[WhiteElo "2160"]
[BlackElo "1927"]
[PlyCount "69"]
[EventDate "2015.08.27"]
[EventType "swiss"]
[EventRounds "7"]
[EventCountry "GER"]
[SourceTitle "EXT 2016"]
[Source "ChessBase"]
[SourceDate "2015.10.08"]
[SourceVersion "1"]
[SourceVersionDate "2015.10.08"]
[SourceQuality "1"]

1. e4 c5 2. Nf3 Nf6 3. e5 Nd5 4. c3 Nc6 5. Bc4 e6 6. d4 cxd4 7. cxd4 Qa5+ 8. Nbd2 Nc7 9. 0-0 b5 10. Bd3 Qb6 11. Qe2 Rb8 12. a4 a6 13. Qd1 Nxd4 14. Nxd4 Qxd4 15. Nf3 Qb6 16. Be3 Qb7 17. Ng5 Be7 18. axb5 Nxb5 19. Be4 Qc7 20. Qh5 g6 21. Qf3 0-0 22. Nxh7 Kxh7 23. Qh5+ Kg8 24. Bxg6 fxg6 25. Qxg6+ Kh8 26. Ra4 Qxe5 27. Qh6+ Kg8 28. Rg4+ Bg5 29. Bxg5 Qg7 30. Qh4 Kf7 31. Bh6 Qh8 32. Rf4+ Ke8 33. Rxf8+ Qxf8 34. Bxf8 Kxf8 35. Qf4+ 1-0